| 000 | 00811nam a2200253 a 4500 | ||
|---|---|---|---|
| 999 |
_c200448226 _d66438 |
||
| 003 | TR-AnTOB | ||
| 005 | 20220322145327.0 | ||
| 007 | ta | ||
| 008 | 990224s1975 tu 000 0 tur d | ||
| 040 |
_aTR-AnTOB _btur _erda _cTR-AnTOB |
||
| 041 | 0 | _atur | |
| 050 | 0 | 0 |
_aHJ5715.T9 _bK38 1975 |
| 090 | 0 | 0 | _aTOBBK HJ5715.T9 K38 1975 |
| 245 | 0 | 0 |
_aKatma değer vergisi : _bkanun tasarısı ikinci taslağı üzerindeki çalışmalar, etüd. |
| 264 | 1 |
_aİstanbul : _bİktisadi Araştırmalar Vakfı, _c1975. |
|
| 300 |
_a99 pages ; _c24 |
||
| 336 |
_ametin _btxt _2rdacontent |
||
| 337 |
_aaracısız _bn _2rdamedia |
||
| 338 |
_acilt _bnc _2rdacarrier |
||
| 490 | 1 |
_aİktisadi Araştırmalar Vakfı ; _vNo. _a38 |
|
| 650 | 0 |
_aKatma değer vergisi _zTürkiye _951958 |
|
| 942 |
_2z _cBK |
||